| 000 | 00941cam a2200325 a 4500 | ||
|---|---|---|---|
| 001 | 4160 | ||
| 003 | FISKH | ||
| 005 | 20250124104501.0 | ||
| 008 | 940310s1995 nyua j 000 1 eng | ||
| 010 | _a 94009772 | ||
| 020 | _a0590483765 | ||
| 020 | _a9780590483766 | ||
| 040 |
_aDLC _cDLC _dDLC _beng |
||
| 050 | _aPZ7.M1257 | ||
| 082 | _a617.6 | ||
| 100 | 1 | _aMaccarone, Grace. | |
| 245 | 1 | 0 |
_aMy tooth is about to fall out / _cby Grace Maccarone ; illustrated by Betsy Lewin. |
| 260 |
_aNew York : _bScholastic, _c1995. |
||
| 300 |
_a32 unnumbered pages : _bcolor illustrations ; _c23 cm |
||
| 440 | 0 |
_aHello reader! _nLevel 1 |
|
| 505 | _aJ | ||
| 520 | _aA little girl loses a tooth. | ||
| 521 |
_a470
_bLexile |
||
| 521 |
_aJ
_bRaz-Plus |
||
| 650 | 1 |
_aTeeth _xFiction. |
|
| 700 | 1 |
_aLewin, Betsy, _eillustrator |
|
| 906 |
_a7 _bcbc _corignew _d1 _eocip _f19 _gy-gencatlg |
||
| 942 |
_2ddc _cBK _n0 |
||
| 999 |
_c4160 _d4160 |
||